Relación de la expulsión de los moriscos del Reino de Valencia / (Record no. 54354)

MARC details
000 -LEADER
campo de control de longitud fija 00631nam a22001815i 4500
001 - NÚMERO DE CONTROL
campo de control 54354
003 - IDENTIFICADOR DE NÚMERO DE CONTROL
campo de control ES-MaACL
005 - FECHA Y HORA DE LA ÚLTIMA TRANSACCIÓN
campo de control 20230906162936.0
007 - CAMPO FIJO DE DESCRIPCIÓN FÍSICA--INFORMACIÓN GENERAL
campo de control de longitud fija t|
008 - DATOS DE LONGITUD FIJA--INFORMACIÓN GENERAL
campo de control de longitud fija 960719s1878 sp ||||1| spa d
040 ## - FUENTE DE CATALOGACIÓN
Centro catalogador/agencia de origen CAM
Lengua de catalogación spa
Centro/agencia transcriptor CAM
100 1# - ENTRADA PRINCIPAL--NOMBRE DE PERSONA
Nombre de persona Fonseca, Damián.
9 (RLIN) 51517
245 10 - MENCIÓN DEL TÍTULO
Título Relación de la expulsión de los moriscos del Reino de Valencia /
Mención de responsabilidad, etc. del M. Fr. Damián Fonseca.
260 ## - PUBLICACIÓN, DISTRIBUCIÓN, ETC.
Lugar de publicación, distribución, etc. Valencia :
Nombre del editor, distribuidor, etc. Sociedad Valenciana de Bibliófilos,
Fecha de publicación, distribución, etc. 1878 (
Fabricante Imprenta de Manuel Alufre)
300 ## - DESCRIPCIÓN FÍSICA
Extensión XIII, [1], 221, [4] p. ;
Dimensiones 24 cm.
650 #4 - PUNTO DE ACCESO ADICIONAL DE MATERIA--TÉRMINO DE MATERIA
Término de materia o nombre geográfico como elemento de entrada Moriscos-
Subdivisión general Historia-
Subdivisión cronológica 1609-1614, Expulsión.
9 (RLIN) 148575
852 ## - LOCALIZACIÓN
Ubicación ES-MaACL
Número de control de estantería B-4827
Holdings
Estatus retirado Estado de pérdida Estado de daño No para préstamo Colección Biblioteca de origen Biblioteca actual Ubicación en estantería Fecha de adquisición Fuente de adquisición Total de préstamos Signatura topográfica completa Código de barras Visto por última vez Precio de reemplazo Tipo de ítem Koha
        Libros del s. XIX Biblioteca del Ateneo de Madrid Biblioteca del Ateneo de Madrid Sala Pardo Bazán 17/01/2008     B-4827 1057117 23/02/2023 23/02/2023 Libro impreso antiguo